<?xml version="1.0" encoding="UTF-8"?>
<record
    xmlns:xsi="http://www.w3.org/2001/XMLSchema-instance"
    xsi:schemaLocation="http://www.loc.gov/MARC21/slim http://www.loc.gov/standards/marcxml/schema/MARC21slim.xsd"
    xmlns="http://www.loc.gov/MARC21/slim">

  <leader>02754cam a2200349 a 4500</leader>
  <controlfield tag="003">EG-GiCUC</controlfield>
  <controlfield tag="005">20250223031648.0</controlfield>
  <controlfield tag="008">170208s2016    ua dh  f m    000 0 eng d</controlfield>
  <datafield tag="040" ind1=" " ind2=" ">
    <subfield code="a">EG-GiCUC</subfield>
    <subfield code="b">eng</subfield>
    <subfield code="c">EG-GiCUC</subfield>
  </datafield>
  <datafield tag="041" ind1="0" ind2=" ">
    <subfield code="a">eng</subfield>
  </datafield>
  <datafield tag="049" ind1=" " ind2=" ">
    <subfield code="a">Deposite </subfield>
  </datafield>
  <datafield tag="097" ind1=" " ind2=" ">
    <subfield code="a">M.Sc </subfield>
  </datafield>
  <datafield tag="099" ind1=" " ind2=" ">
    <subfield code="a">Cai01.11.28.M.Sc.2016.As.R</subfield>
  </datafield>
  <datafield tag="100" ind1="0" ind2=" ">
    <subfield code="a">Asmaa Salah eldin Ahmed Fathallah</subfield>
  </datafield>
  <datafield tag="245" ind1="1" ind2="0">
    <subfield code="a">Risk factors of ketoacidosis at the diagnosis of diabetes mellitus / </subfield>
    <subfield code="c">Asmaa Salah eldin Ahmed Fathallah ; Supervised Mona Mamdouh Hassan , Amany Ibrahim Mohamed , Noha Arafa Mohamed</subfield>
  </datafield>
  <datafield tag="246" ind1="1" ind2="5">
    <subfield code="a">&#x639;&#x648;&#x627;&#x645;&#x644; &#x62E;&#x637;&#x631; &#x627;&#x644;&#x62D;&#x645;&#x627;&#x636; &#x627;&#x644;&#x643;&#x64A;&#x62A;&#x648;&#x646;&#x649; &#x639;&#x646;&#x62F; &#x62A;&#x634;&#x62E;&#x64A;&#x635; &#x62F;&#x627;&#x621; &#x627;&#x644;&#x633;&#x643;&#x631;&#x649;</subfield>
  </datafield>
  <datafield tag="260" ind1=" " ind2=" ">
    <subfield code="a">Cairo : </subfield>
    <subfield code="b">Asmaa Salah eldin Ahmed Fathallah , </subfield>
    <subfield code="c">2016</subfield>
  </datafield>
  <datafield tag="300" ind1=" " ind2=" ">
    <subfield code="a">121 P. : </subfield>
    <subfield code="b">charts , facsimiles ; </subfield>
    <subfield code="c">25cm</subfield>
  </datafield>
  <datafield tag="502" ind1=" " ind2=" ">
    <subfield code="a">Thesis (M.Sc.) - Cairo University - Faculty of Medicine - Department of Pediatrics</subfield>
  </datafield>
  <datafield tag="520" ind1=" " ind2=" ">
    <subfield code="a">Introduction: Diabetes Mellitus (DM) is a metabolic disorder of glucose  homeostasis and is one of the most common endocrine diseases in children  worldwide. Diabetic ketoacidosis (DKA) is a common serious acute complication in children with DM. Its incidence in children at the onset of DM remains high,  with approximately one-third presenting with mild DKA and one-sixth with  moderate or severe DKA. Multiple factors affect the risk of developing DKA at  the onset of DM in children. Aim of the study: to identify and analyze the risk factors associated with the development of ketoacidosis at the diagnosis of new cases with DM.  Methods: Ninety nine children (53 DKA and 46 hyperglycemia) , age range  from 1 month to 13 years, diagnosed with newly diagnosed diabetes, referred and managed at DEMPU in Children{u2019}s Hospital, Cairo University. Results: Classic symptoms (polyuria, polydipsia and weight loss) were the  most common symptoms (93.8% &amp; 92%) preceding the diagnosis; and diabetic  ketoacidosis was present in 53.5%. Positive family history of diabetes was recorded in 54.5%, most of them with T2DM, but with no significant difference  in the presentation. Delayed and missed diagnosis was recorded in 79.8% &amp;  53.5% respectively, with significant difference affecting the presentation. Time lapse between diagnosis and start of insulin was found to be the most significant  risk factor for developing DKA at diagnosis</subfield>
  </datafield>
  <datafield tag="530" ind1=" " ind2=" ">
    <subfield code="a">Issued also as CD</subfield>
  </datafield>
  <datafield tag="653" ind1=" " ind2="4">
    <subfield code="a">Diabetes </subfield>
  </datafield>
  <datafield tag="653" ind1=" " ind2="4">
    <subfield code="a">Diabetic ketoacidosis</subfield>
  </datafield>
  <datafield tag="653" ind1=" " ind2="4">
    <subfield code="a">Risk factors</subfield>
  </datafield>
  <datafield tag="700" ind1="0" ind2=" ">
    <subfield code="a">Amany Ibrahim Mohamed , </subfield>
    <subfield code="e">Supervisor</subfield>
  </datafield>
  <datafield tag="700" ind1="0" ind2=" ">
    <subfield code="a">Mona Mamdouh Hassan , </subfield>
    <subfield code="e">Supervisor</subfield>
  </datafield>
  <datafield tag="700" ind1="0" ind2=" ">
    <subfield code="a">Noha Arafa Mohamed , </subfield>
    <subfield code="e">Supervisor</subfield>
  </datafield>
  <datafield tag="856" ind1=" " ind2=" ">
    <subfield code="u">http://172.23.153.220/th.pdf</subfield>
  </datafield>
  <datafield tag="905" ind1=" " ind2=" ">
    <subfield code="a">Nazla</subfield>
    <subfield code="e">Revisor</subfield>
  </datafield>
  <datafield tag="905" ind1=" " ind2=" ">
    <subfield code="a">Shaima</subfield>
    <subfield code="e">Cataloger</subfield>
  </datafield>
  <datafield tag="942" ind1=" " ind2=" ">
    <subfield code="2">ddc</subfield>
    <subfield code="c">TH</subfield>
  </datafield>
  <datafield tag="999" ind1=" " ind2=" ">
    <subfield code="c">59750</subfield>
    <subfield code="d">59750</subfield>
  </datafield>
  <datafield tag="952" ind1=" " ind2=" ">
    <subfield code="2">ddc</subfield>
    <subfield code="7">0</subfield>
    <subfield code="a">CUCL</subfield>
    <subfield code="b">cl210</subfield>
    <subfield code="d">2024-02-11</subfield>
    <subfield code="o">Cai01.11.28.M.Sc.2016.As.R</subfield>
    <subfield code="p">01010110070838000</subfield>
    <subfield code="r">2023-09-22 00:00:00</subfield>
    <subfield code="y">TH</subfield>
  </datafield>
  <datafield tag="952" ind1=" " ind2=" ">
    <subfield code="2">ddc</subfield>
    <subfield code="7">0</subfield>
    <subfield code="a">CUCL</subfield>
    <subfield code="b">cl2u8</subfield>
    <subfield code="d">2024-02-11</subfield>
    <subfield code="o">Cai01.11.28.M.Sc.2016.As.R</subfield>
    <subfield code="p">01020110070838000</subfield>
    <subfield code="r">2023-09-22 00:00:00</subfield>
    <subfield code="t">70838.CD     </subfield>
    <subfield code="y">CD</subfield>
  </datafield>
</record>
